The Mother New Words of the Mother/ (Record no. 213873)

MARC details
000 -LEADER
fixed length control field 00540nam a22001817a 4500
005 - DATE AND TIME OF LATEST TRANSACTION
control field 20251208130019.0
010 ## - LCCN (DPL NO)
LC control number ENG-147286
020 ## - INTERNATIONAL STANDARD BOOK NUMBER
International Standard Book Number 9789352102808
Terms of availability 370.00
035 ## - SYSTEM CONTROL NUMBER
System control number EN-130818
037 ## - SOURCE OF ACQUISITION
Source of stock number/acquisition DBAD
082 ## - DEWEY DECIMAL CLASSIFICATION NUMBER
Classification number 181.45
Edition number 1
245 ## - TITLE STATEMENT
Title The Mother New Words of the Mother/
260 ## - PUBLICATION, DISTRIBUTION, ETC. (IMPRINT)
Name of publisher, distributor, etc Sri Aurobindo Ashram
Place of publication, distribution, etc Pondicherry
Date of publication, distribution, etc 2024
270 ## - ADDRESS
City Pondicherry
Postal code 605002
300 ## - PHYSICAL DESCRIPTION
Extent 532p.
Dimensions 22cm(pb)
500 ## - GENERAL NOTE
General note Supplement to Volumes 12-15 of the Collected Works of the Mother
942 ## - ADDED ENTRY ELEMENTS (KOHA)
Source of classification or shelving scheme Dewey Decimal Classification
Item type English Books
Classification part 181.45
Call number suffix MOT
Holdings
Withdrawn status Lost status Not for loan Collection code Home library Current library Date acquired Source of acquisition Cost, normal purchase price Full call number Barcode Copy number Cost, replacement price Koha item type
    Not For Loan Non-fiction Bawana Bawana 08/12/2025 Delivery of Books Act Division 370.00 181.45 MOT EN-130818 1 370.00 English Books

© Delhi Public Library
Hit Counter
free hit counter